000 00337nam a2200145 i 4500
001 bg
100 1 _aDELUMEAU, Jean
245 0 _aCywilizacja Odrodzenia /
_cJ. Delumeau.
260 _aWarszawa,
_c1987.
040 _cBPK
041 _apol
080 _a930.85"13/15":7.034
942 _cKS
008 s pl f |000 0 pol
999 _c23762
_d23762
856 _uhttp://koha.tu.koszalin.pl/cgi-bin/koha/opac-detail.pl?biblionumber=23762
_yKatalog online BPK